Billy Budd and other tales
Bewaard in:
| Hoofdauteur: | |
|---|---|
| Formaat: | Boek |
| Taal: | Engels |
| Gepubliceerd in: |
Nueva York
New American Library
1979
|
| Onderwerpen: | |
| Tags: |
Voeg label toe
Geen labels, Wees de eerste die dit record labelt!
|
MARC
| LEADER | 00000nam a2200000 a 4500 | ||
|---|---|---|---|
| 001 | UCP2842 | ||
| 003 | CL-VaPUC | ||
| 008 | 990604e19790000US |||||||||||||||||eng|d | ||
| 082 | 0 | 4 | |a 813 |b MEL |2 21 |
| 100 | |a Melville, Herman, |d 1819-1891 |e autor |9 308857 | ||
| 245 | 1 | 0 | |a Billy Budd and other tales |
| 300 | |a 334 p | ||
| 942 | |c BK | ||
| 945 | |d 19990604 00:00:00 |a rbrito | ||
| 260 | |a Nueva York |b New American Library |c 1979 | ||
| 650 | 0 | |a Novelas estadounidenses |9 265217 | |
| 583 | |a last modification |c 19990604 00:00:00 |k Rodrigo Vera | ||
| 999 | |c 281311 |d 281309 | ||
| 952 | |0 0 |1 0 |4 0 |6 813_000000000000000_MEL_1979 |7 0 |8 A |9 322018 |a BIBEDU |b BIBEDU |d 2019-11-20 |i 3528413 |o 813 MEL 1979 |p 3528413 |r 2019-11-20 |w 2019-11-20 |y BK |k LIT | ||